000 00516cab a2200181 4500
001 X338
008 090401t1992 xxu||||| |||| 00| 0 eng d
035 _a(Sirsi) u65174
041 _aeng
245 _aRICS says `yes` to 75% rule on chartered designations
260 _c1992
350 _a0
490 _aChartered Quantity Surveyor
_v15(3) November 1992, p1(1)
650 _aMULTI-DISCIPLINARY PRACTICES
690 _aMANAGEMENT-BUSINESS MANAGEMENT-PROFESSIONAL PRACTICE
942 _n0
948 _c04/03/1997
999 _c40632
_d40632